| 000 | 00345nam a22001337a 4500 | ||
|---|---|---|---|
| 020 | _a0-07-046092-2 | ||
| 082 | _a621.3693 NIS'O | ||
| 100 |
_aHARUNA, M , NIHIHNRA, H , SUHARA, T _966159 |
||
| 245 | _aOPTICAL INTEGRATED CIRCUITS | ||
| 260 |
_aNEWYORK _bMCGRAW HILL _c1989 |
||
| 300 | _a374P | ||
| 650 |
_aINTEGRATED OPTICS _966160 |
||
| 942 | _cBK | ||
| 999 |
_c574171 _d574171 |
||